000 01344cam a22003737a 4500
003 CHAP
005 20220329141831.0
008 971127d1997 mx r 00110 spa d
010 _a74555
011 _a75527
035 _a85091
040 _cCHAP
090 _aTesis
100 0 0 _aFranco Moreno, Felipa.
_942971
245 1 0 _aComportamiento fisiológico de diferentes variedades de tuna
_c/por Felipa Franco Moreno y Jacobo Rodríguez Campos
260 _aChapingo, Méx. :
_bEl autor,
_c1997.
300 _a89 h. :
_bgráfs. ; cuadros ; apénd.
502 _aTesis (Ing. Agroindustrial) -- UACH. Departamento de Ingeniería Agroindustrial
590 _aALEPH
_b10
_c20130110
_lUCH01
_h1420
590 _aBATCH-UPD
_b10
_c20130110
_lUCH01
_h0732
590 _aBATCH-UPD
_b10
_c20130110
_lUCH01
_h2335
590 _aBATCH-UPD
_b10
_c20130410
_lUCH01
_h0415
590 _aBATCH-UPD
_b10
_c20130914
_lUCH01
_h1841
590 _aCONVERSION
_b10
_c20130109
_lUCH01
_h1341
650 1 4 _aTuna
_xFisiología postcosecha.
_9115552
650 1 4 _aTuna
_xVariedades.
_9115568
650 2 4 _aNopal
_zMéxico (Edo.).
_981709
700 0 _aRodríguez Campos, Jacobo.
_998352
901 _aBK
905 _aLilia Sánchez G.
942 _cFOLL
949 _bBC
_cTES
_d33724000629267
_eTS2
_fc.2
_h31916
_i85091
_si
949 _bBC
_cTES
_d850911
_eTS1
_h31915
_i85091
_sb
999 _c74555
_d74555